| 000 | 00535nam a2200181Ia 4500 | ||
|---|---|---|---|
| 999 |
_c27320 _d27320 |
||
| 003 | OSt | ||
| 005 | 20210111093114.0 | ||
| 008 | 190216s9999||||xx |||||||||||||| ||und|| | ||
| 020 | _a9788171304592 | ||
| 040 | _coclc | ||
| 082 |
_a894.81 _bSPIL/E |
||
| 100 |
_aPillai, E V Krishna _98279 |
||
| 245 | 0 |
_aE Viyute Thiranjedutha Kruthikal / _cE V Krishna Pillai |
|
| 260 |
_bDc Books , _aKottayam: _c1996. |
||
| 300 | _a886p | ||
| 650 | _aMalayalam Kathakal | ||
| 942 |
_cBK _2ddc _h894.81 _iSPIL/E _k894.81 _mSPIL/E |
||